Central Library OPAC University of Rajshahi

Political and social change in modern Egypt: historical studies from the Ottoman conquest to the United Arab Republic / (Record no. 75334)

MARC details
000 -LEADER
fixed length control field 01512cam a22003491 4500
001 - CONTROL NUMBER
control field 75334
003 - CONTROL NUMBER IDENTIFIER
rucl marc code BD-RjUL
005 - DATE AND TIME OF LATEST TRANSACTION
control field 20211209082656.0
008 - FIXED-LENGTH DATA ELEMENTS--GENERAL INFORMATION
fixed length control field 190310s1968 enkabfh b 100 0 eng
035 ## - SYSTEM CONTROL NUMBER
System control number (BD-RjUL)75552
040 ## - CATALOGING SOURCE
Original cataloging agency DLC
Transcribing agency DLC
Modifying agency DLC
Language of cataloging eng
041 0# - LANGUAGE CODE
Language code of text/sound track or separate title engfre
043 ## - GEOGRAPHIC AREA CODE
Geographic area code f-ua---
082 00 - DEWEY DECIMAL CLASSIFICATION NUMBER
Classification number 962.03
Edition number 23
Author mark and year POL 1968
111 2# - MAIN ENTRY--MEETING NAME
Meeting name or jurisdiction name as entry element Conference on the Modern History of Egypt,
Location of meeting University of London,
Date of meeting 1965.
9 (RLIN) 229152
245 10 - TITLE STATEMENT
Title Political and social change in modern Egypt: historical studies from the Ottoman conquest to the United Arab Republic /
Statement of responsibility, etc. edited by P. M. Holt.
260 ## - PUBLICATION, DISTRIBUTION, ETC. (IMPRINT)
Place of publication, distribution, etc. London:
-- New York [etc.]
Name of publisher, distributor, etc. Oxford University Press,
Date of publication, distribution, etc. 1968.
300 ## - PHYSICAL DESCRIPTION
Pagination xx, 400 p. :
Illustrations 3 plates, 1 illus., facsims., map ;
Size 25 cm.
350 ## - PRICE (NR) (BK AM CF MU VM SE) [OBSOLETE]
Price 70/-
500 ## - GENERAL NOTE
General note English or French.
General note "The essays printed in this volume represent, in revised form, papers contributed to a Conference on the Modern History of Egypt, held in April 1965 at the School of Oriental and African Studies in the University of London."
504 ## - BIBLIOGRAPHY, ETC. NOTE
Bibliography, etc Includes bibliographical references.
651 #0 - SUBJECT ADDED ENTRY--GEOGRAPHIC NAME
Geographic name Egypt
General subdivision History
Chronological subdivision 1517-1882
General subdivision Congresses.
9 (RLIN) 229153
Geographic name Egypt
General subdivision History
Chronological subdivision 1798-
General subdivision Congresses.
9 (RLIN) 229154
700 1# - ADDED ENTRY--PERSONAL NAME
Personal name Holt, P. M.
Fuller form of name (Peter Malcolm)
710 2# - ADDED ENTRY--CORPORATE NAME
Corporate name or jurisdiction name as entry element University of London.
Subordinate unit School of Oriental and African Studies.
9 (RLIN) 229156
906 ## - LOCAL DATA ELEMENT F, LDF (RLIN)
a 7
b cbc
c orignew
d u
e ncip
f 19
g y-gencatlg
942 ## - ADDED ENTRY ELEMENTS (KOHA)
Source of classification or shelving scheme Dewey Decimal Classification
Koha item type Books
Holdings
Lost status Source of classification or shelving scheme Damaged status Not for loan Collection code Permanent Location Current Location Shelving location Date acquired Source of acquisition Cost, normal purchase price Full call number Date last seen Copy number Koha item type Total Checkouts
  Dewey Decimal Classification   Not For Loan Non-fiction Central Library, University of Rajshahi Central Library, University of Rajshahi Reading Room 28/07/1971 zeitlinger 110.00 962.03 POL 1968 10/03/2019 C-1 Books  
  Dewey Decimal Classification     Non-fiction Central Library, University of Rajshahi Central Library, University of Rajshahi General Stacks 29/10/2024     962.03 POL 1968 29/10/2024 C-2 Books